书目信息 |
| 题名: |
礼记
|
|
| 作者: | 贾德永 译注 | |
| 分册: | ||
| 出版信息: | 上海 上海三联书店 2018 |
|
| 页数: | 302页 | |
| 开本: | 21cm | |
| 丛书名: | 国学经典 | |
| 单 册: | ||
| 中图分类: | B823.1 , K892.9 | |
| 科图分类: | ||
| 主题词: | 礼仪--li yi--中国--古代 , 家庭道德--jia ting dao de--中国--古代 | |
| 电子资源: | ||
| ISBN: | 978-7-5426-6323-8 | |
| 000 | 01205nam 2200337 450 | |
| 001 | 012001007457 | |
| 005 | 20191023151320.87 | |
| 010 | @a978-7-5426-6323-8@dCNY25.80 | |
| 099 | @aCAL 012018133851 | |
| 100 | @a20180828d2018 em y0chiy50 ea | |
| 101 | 0 | @achi |
| 102 | @aCN@b310000 | |
| 105 | @ay z 000yy | |
| 106 | @ar | |
| 200 | 1 | @a礼记@Ali ji@a孝经译注@f贾德永译注 |
| 205 | @a第2版 | |
| 210 | @a上海@c上海三联书店@d2018 | |
| 215 | @a302页@d21cm | |
| 225 | 2 | @a国学经典@Aguo xue jing dian |
| 330 | @a《礼记》是对《礼》进行注释的文章汇编, 本书以戴圣选编篇章为主。本书内容主要是记载和解释先秦的礼制、礼仪, 涉及祭祀、文艺、历法、日常生活等诸多方面, 集中体现了儒家的政治、哲学和伦理思想。《孝经》主要阐述了孝道的重要内涵, 对“尊老, 敬老, 养老, 送老”的孝行做出规范, 以指导世人。 | |
| 410 | 0 | @12001 @a国学经典 |
| 423 | 0 | @12001 @a孝经译注@1701 0@a贾德永 |
| 605 | @a礼记@Ali ji@x译文 | |
| 605 | @a孝经@Axiao jing@x译文 | |
| 606 | 0 | @a礼仪@Ali yi@y中国@z古代 |
| 606 | 0 | @a家庭道德@Ajia ting dao de@y中国@z古代 |
| 690 | @aB823.1@v4 | |
| 690 | @aK892.9@v4 | |
| 701 | 0 | @a贾德永@Ajia de yong@4译注 |
| 801 | 0 | @aCN@b上海新华@c20191020 |
| 905 | @b1133492-5@dB823.1@e1316=2@f4 | |
| 礼记;孝经译注/贾德永译注.-第2版.-上海:上海三联书店,2018 |
| 302页;21cm.-(国学经典) |
| ISBN 978-7-5426-6323-8:CNY25.80 |
| 《礼记》是对《礼》进行注释的文章汇编, 本书以戴圣选编篇章为主。本书内容主要是记载和解释先秦的礼制、礼仪, 涉及祭祀、文艺、历法、日常生活等诸多方面, 集中体现了儒家的政治、哲学和伦理思想。《孝经》主要阐述了孝道的重要内涵, 对“尊老, 敬老, 养老, 送老”的孝行做出规范, 以指导世人。 |
| ● |
| 相关链接 |
|
|
|
|
正题名:礼记
索取号:B823.1/1316=2
 
预约/预借
| 序号 | 登录号 | 条形码 | 馆藏地/架位号 | 状态 | 备注 |
| 1 | 1133492 | 211334929 | 第一样本阅览室/ [索取号:B823.1/1316=2] | 在馆 | |
| 2 | 1133493 | 211334938 | 第一借阅区/ [索取号:B823.1/1316=2] | 在馆 | |
| 3 | 1133494 | 211334947 | 第一借阅区/ [索取号:B823.1/1316=2] | 在馆 | |
| 4 | 1133495 | 211334956 | 第一借阅区/ [索取号:B823.1/1316=2] | 在馆 |